[Event "FRA-chT U20 Top"]
[Site "Bischwiller"]
[Date "2016.05.15"]
[Round "3"]
[White "Strohl, Antoine"]
[Black "Lamblin, Jean"]
[Result "1/2-1/2"]
[WhiteElo "1945"]
[BlackElo "2019"]
[PlyCount "70"]
[EventDate "2016.05.14"]
[EventType "tourn"]
[EventRounds "11"]
[EventCountry "FRA"]
[SourceTitle "EXT 2019"]
[Source "ChessBase"]
[SourceDate "2018.10.10"]
[SourceVersion "1"]
[SourceVersionDate "2018.10.10"]
[SourceQuality "1"]

1. d4 d5 2. c4 c6 3. Nf3 Nf6 4. Nc3 e6 5. cxd5 exd5 6. Bg5 Be7 7. Qc2 Nbd7 8. e3 0-0 9. Bd3 Re8 10. 0-0 Nf8 11. Rab1 Ne4 12. Bxe7 Qxe7 13. b4 a6 14. a4 Bf5 15. Rfc1 Nxc3 16. Qxc3 Bxd3 17. Qxd3 Ne6 18. b5 axb5 19. axb5 Rac8 20. bxc6 bxc6 21. h3 Red8 22. Rb2 c5 23. dxc5 Rxc5 24. Rxc5 Qxc5 25. Rd2 g6 26. Nd4 Qc4 27. Ne2 Qxd3 28. Rxd3 Kg7 29. g3 Kf6 30. Kg2 h5 31. h4 Ke5 32. Nd4 Nxd4 33. Rxd4 Rc8 34. Rb4 Rc7 35. Kf3 Rd7 1/2-1/2

[Event "Avoine op 30th"]
[Site "Avoine"]
[Date "2015.07.18"]
[Round "8"]
[White "Strohl, Antoine"]
[Black "Frick, Christoph"]
[Result "1/2-1/2"]
[WhiteElo "1995"]
[BlackElo "2217"]
[PlyCount "58"]
[EventDate "2015.07.18"]
[EventType "swiss"]
[EventRounds "9"]
[EventCountry "FRA"]
[SourceTitle "EXT 2016"]
[Source "ChessBase"]
[SourceDate "2015.10.08"]
[SourceVersion "1"]
[SourceVersionDate "2015.10.08"]
[SourceQuality "1"]

1. d4 g6 2. Nf3 Bg7 3. g3 d6 4. Bg2 Nf6 5. 0-0 0-0 6. c4 Nc6 7. Nc3 Nd7 8. e4 e5 9. d5 Nd4 10. Nxd4 exd4 11. Nb5 Ne5 12. Qb3 c5 13. dxc6 bxc6 14. Nxd4 Ba6 15. Rd1 Bxc4 16. Qc2 Ba6 17. Nf3 Nc4 18. Rb1 Qb6 19. b3 Rab8 20. Bf1 d5 21. exd5 cxd5 22. Rxd5 Rfc8 23. Qd1 Bb7 24. Rd7 Ne5 25. Nxe5 Bxe5 26. Bg2 Bxg2 27. Kxg2 Rd8 28. Rxd8+ Rxd8 29. Qe2 Qc6+ 1/2-1/2

[Event "FRA-ch U14"]
[Site "Pau"]
[Date "2015.04.27"]
[Round "3"]
[White "Vlachos, Anatole"]
[Black "Strohl, Antoine"]
[Result "1/2-1/2"]
[WhiteElo "2123"]
[BlackElo "1925"]
[PlyCount "102"]
[EventDate "2015.04.26"]
[EventType "swiss"]
[EventRounds "9"]
[EventCountry "FRA"]
[SourceTitle "CBM 166 Extra"]
[Source "ChessBase"]
[SourceDate "2015.06.18"]
[SourceVersion "1"]
[SourceVersionDate "2015.06.18"]
[SourceQuality "1"]

1. e4 c5 2. Nc3 g6 3. d4 cxd4 4. Qxd4 Nf6 5. Nf3 Nc6 6. Qa4 d6 7. e5 Ng4 8. Bb5 Ngxe5 9. Nxe5 dxe5 10. Bxc6+ bxc6 11. Qxc6+ Bd7 12. Qd5 Bg7 13. Be3 Bf5 14. Qxd8+ Rxd8 15. Bxa7 Bxc2 16. 0-0 0-0 17. Rfc1 Bd3 18. b4 e4 19. a4 Rd7 20. Bc5 Rfd8 21. h3 Be5 22. a5 Ba6 23. Rab1 Bd3 24. Rb2 Bf4 25. Be3 Be5 26. g3 Rc8 27. Bc5 f5 28. Rd2 Bf6 29. Nd1 Bd4 30. Nb2 Bxc5 31. bxc5 Ra7 32. Nxd3 exd3 33. Rxd3 Rxa5 34. c6 Rc7 35. Rd8+ Kf7 36. Rh8 Kg7 37. Rb8 Raa7 38. g4 fxg4 39. hxg4 Kf7 40. Kg2 Ra6 41. Rh1 Kg7 42. Rd1 Raxc6 43. Rdd8 Rf6 44. Rg8+ Kf7 45. Rh8 Kg7 46. Rhg8+ Kf7 47. Rgf8+ Kg7 48. Rg8+ Kf7 49. Rgf8+ Kg7 50. Rh8 Rf4 51. Rhg8+ Kh6 1/2-1/2

[Event "FRA-ch U12"]
[Site "Saint Paul Trois Chateaux"]
[Date "2013.05.06"]
[Round "9"]
[White "Strohl, Antoine"]
[Black "Meunier Pion, Jean"]
[Result "0-1"]
[WhiteElo "1709"]
[BlackElo "1647"]
[PlyCount "102"]
[EventDate "2013.04.28"]
[EventType "swiss"]
[EventRounds "9"]
[EventCountry "FRA"]
[SourceTitle "CBM 154 Extra"]
[Source "ChessBase"]
[SourceDate "2013.06.25"]
[SourceVersion "2"]
[SourceVersionDate "2013.06.25"]
[SourceQuality "1"]

1. e4 c5 2. Nf3 d6 3. c3 Bg4 4. Be2 Nf6 5. 0-0 Nbd7 6. d3 e6 7. Nbd2 Be7 8. Ne1 Bxe2 9. Qxe2 Qc7 10. f4 h5 11. Nc2 0-0-0 12. a4 e5 13. Nc4 Rdg8 14. N2a3 a6 15. fxe5 dxe5 16. Bg5 Nf8 17. Ne3 Ne6 18. Bxf6 gxf6 19. Nd5 Qd8 20. Kh1 h4 21. Nc4 Rg6 22. Ncb6+ Kb8 23. Nxe7 Qxe7 24. Nd5 Qd8 25. Rf2 Rhh6 26. Raf1 Nc7 27. Nxc7 Qxc7 28. Rf5 Qc6 29. b3 Qb6 30. Qa2 Qe6 31. Qa3 Qd6 32. R5f3 Rg4 33. b4 cxb4 34. Qxb4 Qxb4 35. cxb4 Rgg6 36. Rc1 Rg8 37. Rc2 Rc8 38. Rxc8+ Kxc8 39. Kg1 Kd7 40. Kf2 Ke6 41. Ke3 Rg6 42. Rf2 Rg5 43. d4 exd4+ 44. Kxd4 b6 45. Rc2 Kd6 46. Rd2 f5 47. Kc4+ Ke6 48. exf5+ Rxf5 49. Rd4 Rf2 50. Rg4 f6 51. h3 Ke5 0-1

[Event "FRA-ch U12"]
[Site "Saint Paul Trois Chateaux"]
[Date "2013.05.03"]
[Round "6"]
[White "Mokrani, Rayan"]
[Black "Strohl, Antoine"]
[Result "1-0"]
[WhiteElo "1545"]
[BlackElo "1709"]
[PlyCount "120"]
[EventDate "2013.04.28"]
[EventType "swiss"]
[EventRounds "9"]
[EventCountry "FRA"]
[SourceTitle "CBM 154 Extra"]
[Source "ChessBase"]
[SourceDate "2013.06.25"]
[SourceVersion "2"]
[SourceVersionDate "2013.06.25"]
[SourceQuality "1"]

1. e4 c5 2. Nf3 g6 3. d4 cxd4 4. Nxd4 Bg7 5. Be3 Nc6 6. c3 Nf6 7. f3 0-0 8. Nd2 d5 9. Nxc6 bxc6 10. Qc2 Bb7 11. Rd1 Qc8 12. Bd3 Nd7 13. 0-0 e5 14. Bf2 Kh8 15. Rfe1 Qd8 16. Nb3 Re8 17. Qe2 Bf8 18. Ba6 Qc8 19. Bxb7 Qxb7 20. Na5 Qc7 21. b4 d4 22. Qc4 Nb6 23. Qxc6 Qxc6 24. Nxc6 Re6 25. b5 dxc3 26. Rc1 Na4 27. Red1 Ba3 28. Rc2 a6 29. Nd8 Re7 30. b6 Kg7 31. Rd5 Bb4 32. Bh4 Bc5+ 33. Rxc5 g5 34. Bxg5 f6 35. Bxf6+ Kxf6 36. Rc6+ Kg7 37. Ne6+ Kg8 38. Nc5 Nxc5 39. Rxc5 Rb8 40. R2xc3 Rxb6 41. Kf2 Kf7 42. Ke3 Rg6 43. Rc2 Rd6 44. g3 Rf6 45. Ra5 Rfe6 46. Rac5 h6 47. a4 Kg6 48. Rc6 Kf7 49. Rxe6 Rxe6 50. Rc5 Kf6 51. f4 exf4+ 52. Kxf4 Rb6 53. a5 Re6 54. g4 Kg7 55. h4 Kg6 56. e5 Kg7 57. Rd5 Re7 58. Rd6 Ra7 59. Kf5 Kh7 60. e6 Kg7 1-0

[Event "FRA-chT U20 GpA 1213"]
[Site "France"]
[Date "2013.01.05"]
[Round "5"]
[White "Strohl, Antoine"]
[Black "Burri, Quentin"]
[Result "1/2-1/2"]
[WhiteElo "1709"]
[BlackElo "1886"]
[PlyCount "205"]
[EventDate "2012.12.01"]
[EventType "team"]
[EventRounds "7"]
[EventCountry "FRA"]
[SourceTitle "EXT 2014"]
[Source "ChessBase"]
[SourceDate "2013.11.20"]
[SourceVersion "1"]
[SourceVersionDate "2013.11.20"]
[SourceQuality "1"]
[WhiteTeam "Sainte Foy (U20)"]
[BlackTeam "Mulhouse (U20)"]
[WhiteTeamCountry "FRA"]
[BlackTeamCountry "FRA"]

1. d4 d5 2. c4 c6 3. Nf3 Nf6 4. Nc3 dxc4 5. a4 Na6 6. e4 Bg4 7. Bxc4 Bxf3 8. gxf3 e6 9. Be3 Be7 10. 0-0 Nb4 11. Kh1 0-0 12. Rg1 g6 13. Bh6 Re8 14. f4 a6 15. f5 exf5 16. exf5 Nbd5 17. Nxd5 cxd5 18. Bd3 Ne4 19. Bxe4 dxe4 20. fxg6 hxg6 21. Qb3 Qd6 22. Rxg6+ Qxg6 23. Rg1 Qxg1+ 24. Kxg1 Bf6 25. Qb6 Bh8 26. Be3 Rad8 27. h4 Rd7 28. h5 Rc8 29. Kh2 Rc6 30. Qb4 Rcd6 31. Qd2 f5 32. Qc3 Rc6 33. Qb4 Bf6 34. Qb3+ Kh7 35. Qb4 Rcd6 36. Qc5 Rd5 37. Qf8 Bg7 38. Qe8 R7d6 39. Qf7 b5 40. h6 Rd7 41. Qe6 R7d6 42. Qf7 Rd7 43. Qe6 R7d6 44. Qf7 Rd7 45. Qh5 f4 46. Qg4 Bxh6 47. Bxf4 Bxf4+ 48. Qxf4 Rxd4 49. axb5 axb5 50. Qf5+ Kg8 51. Qxb5 R7d5 52. Qb8+ Kg7 53. Qc7+ Kg8 54. Qb8+ Kg7 55. Qb7+ Kg8 56. Qc8+ Kg7 57. Qg4+ Kh8 58. Qh4+ Kg7 59. Qe7+ Kh6 60. Qf6+ Kh7 61. Qe7+ Kh6 62. Qf8+ Kh7 63. Qe7+ Kh6 64. Qe6+ Kh7 65. Qh3+ Kg6 66. Qg3+ Kh6 67. Qf4+ Kg6 68. Qg4+ Kh6 69. Qe6+ Kh7 70. Qe7+ Kh6 71. Qf6+ Kh7 72. Kg2 Rd6 73. Qe7+ Kh6 74. Qh4+ Kg7 75. Qe7+ Kh6 76. Qf8+ Kh7 77. Qf7+ Kh6 78. Qf4+ Kh7 79. Qf5+ Kh6 80. Qf8+ Kh7 81. Qe7+ Kh6 82. Kh3 R6d5 83. Qf8+ Kh7 84. Qe7+ Kh6 85. Qf6+ Kh7 86. Kg3 Rd6 87. Qf7+ Kh6 88. Qf8+ Kg6 89. Qe8+ Kh6 90. Qh8+ Kg6 91. Qe8+ Kf6 92. Qh5 Ke6 93. Kf4 R6d5 94. Qh6+ Kd7 95. Qg7+ Kd6 96. Ke3 Kc5 97. Qc7+ Kb5 98. Qg7 Kc5 99. Qf8+ Kb5 100. Qb8+ Kc4 101. Qc7+ Kb5 102. Qb7+ Kc4 103. Qc6+ 1/2-1/2

[Event "FRA-chT U20"]
[Site "France"]
[Date "2012.05.27"]
[Round "?"]
[White "Strohl, Antoine"]
[Black "Beneteau Desmoulieres, Mael"]
[Result "1-0"]
[WhiteElo "1665"]
[BlackElo "1319"]
[PlyCount "72"]
[EventDate "2012.05.26"]
[EventType "team-swiss"]
[EventRounds "9"]
[EventCountry "FRA"]
[SourceTitle "EXT 2014"]
[Source "ChessBase"]
[SourceDate "2013.11.20"]
[SourceVersion "1"]
[SourceVersionDate "2013.11.20"]
[SourceQuality "1"]

1. d4 Nf6 2. c4 g6 3. Nf3 Bg7 4. g3 0-0 5. Bg2 c5 6. d5 d6 7. Nc3 Bf5 8. Nh4 Bg4 9. h3 Bd7 10. 0-0 Qc8 11. Kh2 a6 12. a4 b6 13. e4 Qc7 14. e5 Ne8 15. f4 Ra7 16. Nf3 dxe5 17. fxe5 Bxe5 18. Nxe5 Qxe5 19. Re1 Qd4 20. Bf4 Qxd1 21. Raxd1 Nc7 22. Rxe7 Rb7 23. d6 Bc6 24. dxc7 Bxg2 25. Kxg2 Nc6 26. c8Q Rxc8 27. Rxb7 Na5 28. Rxb6 Nxc4 29. Rxa6 Re8 30. Rd7 Nxb2 31. Raa7 Nc4 32. Rxf7 Ne5 33. Rg7+ Kh8 34. Rxh7+ Kg8 35. Rag7+ Kf8 36. Bh6 Ra8 1-0

[Event "FRA-chT U20 1112"]
[Site "France"]
[Date "2011.12.04"]
[Round "3.5"]
[White "Strohl, Antoine"]
[Black "Ferrari, Louis"]
[Result "1/2-1/2"]
[WhiteElo "1670"]
[BlackElo "1658"]
[PlyCount "84"]
[EventDate "2011.12.03"]
[EventType "team-swiss"]
[EventRounds "7"]
[EventCountry "FRA"]
[SourceTitle "EXT 2013"]
[Source "ChessBase"]
[SourceDate "2012.11.22"]
[SourceVersion "1"]
[SourceVersionDate "2012.11.22"]
[SourceQuality "1"]

1. d4 d5 2. c4 c6 3. Nf3 Nf6 4. Qb3 e6 5. g3 Nbd7 6. Bg2 a6 7. 0-0 Be7 8. Nbd2 0-0 9. Re1 b5 10. cxd5 cxd5 11. Qc2 Bb7 12. b3 Rc8 13. Qd3 Qc7 14. Bb2 Qc2 15. Qxc2 Rxc2 16. Rab1 Rfc8 17. a3 a5 18. Rec1 Rxc1+ 19. Rxc1 Rxc1+ 20. Bxc1 a4 21. bxa4 bxa4 22. Bb2 Nb6 23. Ne5 Ne8 24. e4 Nd6 25. exd5 exd5 26. Bf1 f6 27. Nef3 Bc6 28. Ne1 Kf7 29. Nc2 Bb5 30. Bxb5 Nxb5 31. f4 f5 32. Kf2 Ke6 33. Ke2 Nd6 34. Ne3 h5 35. h4 g6 36. Kf3 Nb5 37. Nb1 Nd6 38. Nc3 Ndc4 39. Nxc4 Nxc4 40. Bc1 Bxa3 41. Bxa3 Nxa3 42. Nxa4 Nc4 1/2-1/2